00791nam a22002297a 4500003000900000005001700009007000300026008004100029020001800070040002500088082001600113100004500129245006000174260003600234300002100270500006200291590002700353910001400380942001400394952013600408999001700544DO-SdBNP20221116090627.0ta110301s2022 dr 000 p spa d a9798821854483 aDO-SdBNPbspacBNPHU 4axxxxbL579s aLeón Silverio, Oscar de,976923d1953-10aSolo el otoño transitamos /cOscar de León Silverio aSanto Domingo :b[s.d.],c2022. a127 p. :c23 cm. aIncluye datos biográficos del autor en la pagina 127.  aInventariado, 2022/ YL aYLockward 2ddccLBS1 00102ddc51708PDaBNPHUbBNPHUcCTd2022-02-25eOscar de León Silveriol0oxxxx L579sp2022-5411r2022-11-16w2022-11-16yLBS1 c52947d52947